La mujer africana en la sociedad precolonial

Gorde:
Xehetasun bibliografikoak
Egile Nagusiak: Pala, Achola O. (autora), Ly, Madina (Egilea)
Formatua: Liburua
Hizkuntza:gaztelania
Argitaratua: Barcelona Serbal 1982
Saila:Colección Temas Africanos, 6
Gaiak:
Etiketak: Etiketa erantsi
Etiketarik gabe, Izan zaitez lehena erregistro honi etiketa jartzen!

MARC

LEADER 00000nam a2200000 a 4500
001 UCO2356
003 CL-VaPUC
008 000602e19820000SP |||||||||||||||||spa|d
082 0 4 |a 960.2  |b PAL  |2 21 
100 |a Pala, Achola O.  |e autora  |9 445461 
700 0 |a Ly, Madina  |e author  |9 445462 
245 1 3 |a La mujer africana en la sociedad precolonial 
300 |a 238 p 
942 |c BK 
945 |d 20000602 00:00:00  |a rherrera 
260 |a Barcelona  |b Serbal  |c 1982 
650 7 |a HISTORIA DE AFRICA  |2 CL-VaPUC  |9 437682 
650 0 |a Sociedad  |9 307903 
650 0 |a Mujeres  |9 257649 
651 0 |a África  |9 256790 
583 |a last modification  |c 20000602 00:00:00  |k Rodrigo Vera 
490 0 |a Colección Temas Africanos, 6 
999 |c 288891  |d 288889 
952 |0 0  |1 0  |4 0  |6 960_200000000000000_PAL_1982  |7 0  |8 A  |9 336858  |a BIBHIS  |b BIBHIS  |d 2019-11-20  |i 1285572  |o 960.2 PAL 1982  |p 1285572  |r 2025-01-20  |w 2019-11-20  |y BK  |k HIS 
952 |0 0  |1 0  |4 0  |6 960_200000000000000_PAL_1982  |7 0  |8 A  |9 336859  |a BIBHIS  |b BIBHIS  |d 2019-11-20  |i 1285580  |o 960.2 PAL 1982  |p 1285580  |r 2025-01-20  |w 2019-11-20  |y BK  |k HIS